[Event "SVK-ch U18/20"]
[Site "Liptovsky Mikulas"]
[Date "2017.04.26"]
[Round "7"]
[White "Jurco, Martin"]
[Black "Dudasko, Mario"]
[Result "0-1"]
[WhiteElo "1000"]
[BlackElo "1929"]
[PlyCount "94"]
[EventDate "2017.04.22"]
[EventType "swiss"]
[EventRounds "9"]
[EventCountry "SVK"]
[SourceTitle "CBM 178 Extra"]
[Source "ChessBase"]
[SourceDate "2017.06.22"]
[SourceVersion "1"]
[SourceVersionDate "2017.06.22"]
[SourceQuality "1"]

1. e4 e5 2. Nf3 Nc6 3. Bc4 Nf6 4. Nc3 Nxe4 5. Nxe4 d5 6. Bd3 dxe4 7. Bxe4 Bd6 8. 0-0 0-0 9. Re1 Ne7 10. Bd3 Nc6 11. Bc4 Bg4 12. h3 Bh5 13. c3 Kh8 14. d3 f5 15. b4 Qe7 16. Qd2 Bxf3 17. gxf3 Qh4 18. Qg5 Qxh3 19. Qg3 Qh5 20. Qg5 Qxf3 21. Qg2 Qxg2+ 22. Kxg2 f4 23. Bd5 g5 24. f3 Kg7 25. Bb2 Rae8 26. Rh1 Nd8 27. Rh5 h6 28. a3 c6 29. Be4 Nf7 30. c4 Bc7 31. Bc3 Nd6 32. Re1 Nxe4 33. Rxe4 Rf7 34. Rh1 Rfe7 35. Rhe1 h5 36. d4 Kf6 37. Rh1 h4 38. Kh3 a6 39. Rhe1 exd4 40. Rxe7 Rxe7 41. Rxe7 Kxe7 42. Bxd4 Ke6 43. Kg4 Be5 44. Bb6 Bf6 45. Bc5 b5 46. cxb5 cxb5 47. Bb6 Kd5 0-1

[Event "SVK-ch U18/20"]
[Site "Liptovsky Mikulas"]
[Date "2017.04.25"]
[Round "6"]
[White "Kojda, Samuel"]
[Black "Jurco, Martin"]
[Result "0-1"]
[WhiteElo "1259"]
[BlackElo "1000"]
[PlyCount "54"]
[EventDate "2017.04.22"]
[EventType "swiss"]
[EventRounds "9"]
[EventCountry "SVK"]
[SourceTitle "CBM 178 Extra"]
[Source "ChessBase"]
[SourceDate "2017.06.22"]
[SourceVersion "1"]
[SourceVersionDate "2017.06.22"]
[SourceQuality "1"]

1. e4 e5 2. Nf3 Nc6 3. Bb5 a6 4. Ba4 Nf6 5. 0-0 b5 6. Bb3 Be7 7. c3 Nxe4 8. Re1 Nc5 9. Bxf7+ Kxf7 10. Nxe5+ Nxe5 11. Qh5+ g6 12. Qxe5 d5 13. d4 Nd3 14. Qxe7+ Qxe7 15. Rxe7+ Kxe7 16. Bg5+ Kd6 17. b3 Rf8 18. Bh4 Nf4 19. Kf1 Bf5 20. Bg3 Kc6 21. Bxf4 Bd3+ 22. Kg1 Rxf4 23. Nd2 Raf8 24. f3 Re8 25. Rd1 Rf7 26. h4 Rfe7 27. Kh2 Re1 0-1

[Event "SVK-ch U18/20"]
[Site "Liptovsky Mikulas"]
[Date "2017.04.23"]
[Round "2"]
[White "Jurco, Martin"]
[Black "Mrva, Marek1111"]
[Result "1/2-1/2"]
[WhiteElo "1000"]
[BlackElo "1774"]
[PlyCount "116"]
[EventDate "2017.04.22"]
[EventType "swiss"]
[EventRounds "9"]
[EventCountry "SVK"]
[SourceTitle "CBM 178 Extra"]
[Source "ChessBase"]
[SourceDate "2017.06.22"]
[SourceVersion "1"]
[SourceVersionDate "2017.06.22"]
[SourceQuality "1"]

1. d4 Nf6 2. Nf3 g6 3. c4 Bg7 4. Nc3 0-0 5. e4 d6 6. Be2 Nbd7 7. 0-0 e5 8. d5 a5 9. Qc2 Ne8 10. Bg5 f6 11. Be3 Nc5 12. Bxc5 dxc5 13. Rfe1 Nd6 14. Bf1 Bg4 15. Nd2 Re8 16. Nb5 Bd7 17. a4 f5 18. Nxd6 cxd6 19. Ra3 f4 20. Be2 g5 21. Bh5 Rf8 22. Qd1 Rb8 23. Bg4 Be8 24. Bh5 b6 25. Rh3 Qd7 26. Bg4 Qxa4 27. b3 Qb4 28. Be6+ Kh8 29. Nf3 Bf6 30. Qd3 a4 31. bxa4 Qxa4 32. Nd2 b5 33. cxb5 Qxb5 34. Qxb5 Rxb5 35. Nc4 Be7 36. Bf5 h5 37. Bg4 h4 38. Ra3 Rb4 39. Nd2 Kg7 40. Ra7 Kf6 41. Rc1 Bb5 42. Rb7 Ra8 43. h3 Ra2 44. Nf3 Be2 45. Rxb4 cxb4 46. Rb1 Ra4 47. Ne1 Bxg4 48. hxg4 Bd8 49. Nd3 Ba5 50. Nb2 Ra2 51. Nc4 Ke7 52. Nxa5 Rxa5 53. Rxb4 Ra7 54. f3 Kf6 55. Kh2 Ke7 56. Rb8 Rc7 57. Rh8 Rd7 58. Rh7+ Kd8 1/2-1/2